| 000 | 00955cam a2200253 4500 | ||
|---|---|---|---|
| 001 | D15355 | ||
| 008 | 090401t1978 xxu||||| |||| 00| 0 eng d | ||
| 022 | _a0141-1462 | ||
| 035 | _a(Sirsi) u22136 | ||
| 041 | _aeng | ||
| 050 |
_a711.026 _c18 |
||
| 110 |
_aRoyal Institution of Chartered Surveyors _bPlanning and Development Division _9956 |
||
| 245 |
_aEnforcement of planning control surveying, valuation and planning investigations _ba guide to practitioners prepared by the Planning and Development Division of RICS, 1978 |
||
| 260 |
_a[S.l.] _bRICS _c1978 |
||
| 300 |
_a18p. _c30cm |
||
| 490 |
_aRICS Planning and Development Practice Note _v4 |
||
| 520 | _aSuperseded by second edition "Enforcement of planning control" (D15354). | ||
| 650 | _aPLANNING CONTROL | ||
| 650 | _aPLANNING ENFORCEMENT | ||
| 690 |
_aPlanning and development _96259 |
||
| 710 |
_aRoyal Institution of Chartered Surveyors _94900 |
||
| 942 | _n0 | ||
| 948 | _c04/03/1997 | ||
| 999 |
_c88131 _d88131 |
||